000 00606cam a22002053a 4500
001 27036
003 PGUSA
005 20140828083601.0
008 081026s2008||||xxu|||||s|||||000 | eng d
040 _aPGUSA
_beng
042 _adc
100 1 _aLebert, Marie
245 1 0 _aLe Livre 010101 :
_bEnquĂȘte
_h[electronic resource] /
_cMarie Lebert
260 _bProject Gutenberg,
_c2008
506 _aCopyrighted. Read the copyright notice inside this book for details.
516 _aElectronic text
830 0 _aProject Gutenberg
_v27036
856 4 0 _uhttp://www.gutenberg.org/ebooks/27036
942 _cEB
999 _c256291
_d256291